000 01380cam a2200433 a 4500
001 33820167
003 OCoLC
005 20170614172649.0
008 951109s1996 caua j 000 1 spa
010 _a95047123
020 _a0152013423 (pbk.)
020 _a9780152013424 (pbk.)
035 _a332415
040 _aDLC
_cDLC
_dSX@
041 1 _aspa
_heng
042 _alcac
043 _anwbf---
049 _aSX@A
082 0 0 _a[Fic]
_220
099 _aYolen, J.
100 1 _aYolen, Jane.
240 1 0 _aEncounter.
_lSpanish.
245 1 0 _aEncuentro /
_cescrito por Jane Yolen ; ilustrado por David Shannon ; traducido por Alma Flor Ada.
250 _a1st Libros viajeros ed.
260 _aSan Diego :
_bHarcourt Brace & Co.,
_c1996.
300 _a1 v. (unpaged) :
_bcol. ill. ;
_c28 cm.
500 _a"Libros viajeros."
520 _aA Taino Indian boy on the island of San Salvador recounts the landing of Columbus and his men in 1492.
600 1 1 _aColumbus, Christopher
_vFiction.
600 1 1 _aColumbus, Christopher
_vNovela.
_2bidex.
650 1 _aTaino Indians
_vFiction.
650 7 _aTainos
_xNovela.
_2bidex.
650 1 _aIndians of the West Indies
_vFiction.
650 7 _aIndios de las Antillas
_xNovela.
_2bidex.
650 1 _aSpanish language materials.
700 1 _aShannon, David,
_d1959-
700 1 _aAda, Alma Flor.
942 _cBK
999 _c17594
_d17594